000 00342nam a2200157Ia 4500
005 20250423101653.0
008 250422s9999 xx 000 0 und d
020 _a0871972085
050 _aAG 5 .V62/
245 0 _aVolume Library 1
260 _aNashville
260 _bSouthwestern
260 _c1998
300 _a1232 p
942 _cBK
999 _c36934
_d36934